00345nam a2200133Ia 4500008004100000020001500041041001200056082001600068100001500084245005500099260003300154300000800187650001600195221030s9999 xx 000 0 und d a8185015589 aEnglish a105.23bDat aC. J. Date 3aAn Introduction to Database systemscby C. J. Date bNarosa Pub.aNew Delhic1998 a580 aBE Computer